000 00637nam a22002057a 4500
005 20240701102400.0
008 230711b |||||||| |||| 00| 0 eng d
020 _a9789698261566
082 _a362.109
_bIRF-P
100 _aMuhammad Irfanullah Siddiqui
245 _aPublic Health and Community Medicine /
_cMuhammad Irfanullah Siddiqui, Shahida rasheed,Iftikhar ahmed,
250 _a8th ed.
260 _aPakistan:
_bTime Publisher;
_c2016
300 _a1016p.
_bill;
_c27 cm
500 _ainclude index .
650 _aMedical / Community Medicine
700 _a,Iftikhar ahmed,
700 _aShahida rasheed,
999 _c18903
_d18903